000 00212nam a22000857a 4500
008 170130b xxu||||| |||| 00| 0 eng d
100 _92675
_aGoel.D.K et al
245 _aAcccountancey-XI
260 _aNew Delhi
_bAP
_c2010
999 _c5830
_d5830